LEADER 00936nam a2200241 i 4500 001 000000147608 003 CaOOAMICUS 005 20060207000000.0 008 060207s1990 it u000 u ita u 013 $a124844 020 $a88-00-42125-3 040 $aSeMil$bita 100 1 $aConte, Gian Biagio.$0(OLS)http://semarc/name/10455 245 10$aPagine critiche di letteratura latina /$cGian Biagio Conte. 260 $aFirenze :$bLe Monnier,$c1990. 300 $a639 p. ;$c24 cm. 650 4$aLetteratura latina - Studi.$0(OLS)http://semarc/subject/22109 850 $aSeMil 852 $aSeMil$W1$xVenegono$y1$m1X IV 30$j100150$B100150$CSeMilBibl$Z2$F108679 $81 961 $aOmaggio: Oneta don Marco 996 $6020$a88-00-42125-3$9(OLS)http://semarc/number/136363 996 $6245$aPagine critiche di letteratura latina$9(OLS)http://semarc/title/215822 996 $6260$aFirenze :$bLe Monnier$9(OLS)http://semarc/publisher/30060 LEADER 01075nam a2200289 i 4500 001 000000222451 003 CaOOAMICUS 005 20130913000000.0 008 130913s2005 it u000 u ita u 013 $a201348 020 $a88-7684-904-1 040 $aSeMil$bita 100 1 $aBulaj, Monica.$0(OLS)http://semarc/name/74764 245 10$aGerusalemme perduta /$cMonica Bulaj e Paolo Rumiz. 250 $a3. ed. 260 $aMilano :$bFrassinelli,$c2005. 300 $a231 p. :$bill. ;$c24 cm. 500 $aFondo card. C. M. Martini. 650 4$aCristianesimo orientale.$0(OLS)http://semarc/subject/40789 700 1 $aRumiz, Paolo,$d<1947- >.$0(OLS)http://semarc/name/52504 850 $aSeMil 852 $aSeMil$W1$xVenegono$y1$m4Y V 175$j172797$B172797$CSeMilBibl$Z2$F185686 $81 941 1 $a4 961 $aLascito: Martini Card. Carlo Maria 996 $6020$a88-7684-904-1$9(OLS)http://semarc/number/222041 996 $6245$aGerusalemme perduta$9(OLS)http://semarc/title/318846 996 $6260$aMilano :$bFrassinelli$9(OLS)http://semarc/publisher/32313